| 000 | 00567nam a2200181 i 4500 | ||
|---|---|---|---|
| 001 | bg | ||
| 100 | 1 | _aGOLUSIŃSKI, Leon | |
| 245 | 0 |
_aLaboratorium automatyzacji napędu / _cLeon Galusiński, Bernard Rulaff, Piotr Chrzan ; pod red. Leona Golusińskiego ; Politechnika Gdańska. |
|
| 260 |
_aGdańsk : _bWydaw. PG, _c1985. |
||
| 300 |
_a194 s. : _brys., wykr. ; _c24 cm. |
||
| 700 | 1 | _aRULAFF, Bernard | |
| 700 | 1 | _aCHRZAN, Piotr | |
| 040 | _cBPK | ||
| 041 | _apol | ||
| 080 | _a621.313:621.316](075.8) | ||
| 942 | _cKS | ||
| 008 | s pl f |000 0 pol | ||
| 999 |
_c3620 _d3620 |
||
| 856 |
_uhttp://koha.tu.koszalin.pl/cgi-bin/koha/opac-detail.pl?biblionumber=3620 _yKatalog online BPK |
||